000 00250nam a2200097Ia 4500
008 230915s9999 xx 000 0 und d
050 _aTR 147 .D 39 1985
100 _aBEATZLEY, MITCHELL
245 0 _aDEALING WITH DIFFICULT SITUATIONS
942 _cBK
999 _c205571
_d205571